00882 2200277 4500001002100000005001700021008004100038020002200079035002500101040001200126082001500138090002000153100002100173245017300194250001100367260002800378300002800406504002700434650001700461700003200478700002800510850001200538990001800550990001800568990001800586INLIS00000000000453820150730211900.0  a978-602-241-499-5 a0010-041500000001604 aYOPDYOG 223a297.03 aRb297.03 Iqb K aIQBAL Dawami, M. aKamus istilah populer Islamb: Kata-kata yang paling sering digunakan di dunia Islamc/ M. Iqbal Dawami; Editor, Andriansyah Syihabuddin dan Adhika Prasetya Kurharsanto aCet. 1 aJakartabErlanggac2014 axxiv, 247 hlm.c; 22 cm aBibliografi : hlm. 249 aIslamxKamus aADHIKA Prasetya Kusharsanto aANDRIANSYAH Syihabuddin aYOPDYOG a17015-PD/B.15 a17016-PD/B.15 a17017-PD/B.15